Anatomy and physiology of human body (Record no. 359261)

MARC details
000 -LEADER
fixed length control field 00509 a2200205 4500
005 - DATE & TIME
control field 20250509124551.0
008 - FIXED-LENGTH DATA ELEMENTS--GENERAL INFORMATION
fixed length control field 250509b |||||||| |||| 00| 0 eng d
020 ## - ISBN
International Standard Book Number 9789393393692
Price Rs. 1000.00
040 ## - CATALOGING SOURCE
Original cataloging agency VIVEKANANDA LIBRARY
082 ## - DDC NUMBER
Classification number 612
Book Number N294A
100 ## - MAIN ENTRY--PERSONAL NAME
Personal name Neeraj Kumar
245 ## - TITLE STATEMENT
Title Anatomy and physiology of human body
260 ## - PUBLICATION, DISTRIBUTION, ETC. (IMPRINT)
Name of publisher, distributor, etc Khel Sahitya Kendra
Date of publication, distribution, etc 2023
Place of publication, distribution, etc New Delhi
300 ## - PHYSICAL DESCRIPTION
Pages 218
650 ## - Subject
Subject Anatomy
650 ## - Subject
Subject Physiology
650 ## - Subject
Subject Human Body
700 ## - Added Entry Personal Name
Added Entry Personal Name Garg, R P
942 ## - ADDED ENTRY ELEMENTS (KOHA)
Koha item type Books
Holdings
Withdrawn status Lost status Source of classification or shelving scheme Damaged status Not for loan Location (home branch) Sublocation or collection (holding branch) Shelving location Date acquired Koha issues (times borrowed) Koha full call number Accession No. Koha date last seen Koha item type
    Dewey Decimal Classification     VIVEKANANDA LIBRARY VIVEKANANDA LIBRARY Vivekananda Library 22/01/2025 2 612 N294A 436632 23/12/2025 Books
© Designed and Maintained by Vivekananda Library, MDU Rohtak